000 00369pam a2200145 a 4500
020 _a13:978-0-07-133263-7
_c
041 _h
082 _a657.15
_bBLO/HIR
100 _aBlock Stanley B,
_ehI,
245 _aFoundations Of Financial Management
250 _a13th.
260 _aDelhi
_bTata McGraw Hill Publishing Company Limited
300 _a665.
930 _a23717
999 _c142521
_d142521